| 000 | 01232nam0a22003731 4500 | ||
|---|---|---|---|
| 001 | v19\rc\2037141 | ||
| 005 | 20251118181616.6 | ||
| 035 | _a(NLR Aleph) 005120457 | ||
| 090 |
_a7588713 _c7588713 |
||
| 100 | _a20080925d1917 |||y0rusy50 ca | ||
| 101 | 0 | _arus | |
| 102 | _aRU | ||
| 105 | _ay z ||||| | ||
| 200 | 1 |
_aМатериалы по пересмотру партийной программы _fПод ред. и с предисл. Н. Ленина _gРСДРП |
|
| 210 |
_aПетроград _cПрибой _d1917 |
||
| 215 |
_a32 с. _d18 |
||
| 702 | 1 |
_aЛенин _bВ. И. _f1870-1924 _gВладимир Ильич _4340 _4080 |
|
| 712 | 0 | 2 |
_aРСДРП _3RU\NLR\AUTH\8810005370 |
| 712 | 0 | 2 |
_aРКП _cб) _3RU\NLR\AUTH\8824378 |
| 790 | 0 |
_aН.Л. _f1870-1924 |
|
| 790 | 1 |
_aЛенин _bН. _f1870-1924 |
|
| 790 | 1 |
_aИльин _bВ. _f1870-1924 |
|
| 790 | 1 |
_aУльянов _bВ. И. _f1870-1924 _gВладимир Ильич |
|
| 801 | 0 |
_aRU _bNLR _gpsbo |
|
| 801 | 0 |
_aRU _bRuMoRGB _2psbo |
|
| 801 | 1 |
_aRU _bProSoft-M _2rusmarc |
|
| 852 |
_aNLR _j84/1341 |
||
| 899 |
_aRuMoRGB _jМК |
||
| 899 |
_aRuMoRGB _jU 403/158 |
||
| 899 |
_aRuMoRGB _jU 403/159 |
||
| 899 | _aБАН | ||
| 899 | _aГПИБ | ||
| 942 | _cBOOK | ||
| 980 | _aNB | ||